书目信息 |
| 题名: |
市民社会与法的内在逻辑
|
|
| 作者: | 秦国荣 著 | |
| 分册: | ||
| 出版信息: | 北京 社会科学文献出版社 2006 |
|
| 页数: | 515页 | |
| 开本: | 21cm | |
| 丛书名: | ||
| 单 册: | ||
| 中图分类: | A811.64 | |
| 科图分类: | ||
| 主题词: | 马克思著作研究--法律 , 马克思著作研究 , 马克思著作研究--市民--城市社会学 , 城市社会学 , 法律 , 市民 | |
| 电子资源: | ||
| ISBN: | 7-80190-974-7 | |
| 000 | 01241nam0 2200313 450 | |
| 001 | 010010029813 | |
| 005 | 20061119110756.39 | |
| 010 | @a7-80190-974-7@dCNY39.00 | |
| 100 | @a20060410d2006 em y0chiy0120 ea | |
| 101 | 0 | @achi |
| 102 | @aCN@b110000 | |
| 105 | @ay z 000yy | |
| 200 | 1 | @a市民社会与法的内在逻辑@9shi min she hui yu fa de nei zai luo ji@e马克思的思想及其时代意义@f秦国荣著 |
| 210 | @a北京@c社会科学文献出版社@d2006 | |
| 215 | @a515页@d21cm | |
| 300 | @a江苏省哲学社会科学重点学术著作 | |
| 330 | @a本书根据马克思市民社会与法律发展的相关理论,研究分析了政治国家与市民社会的二元分离所具有的宪政意义与法治价值,并着重探讨了马克思市民社会与法律发展理论对于中国现代民主政治、市场经济所具有的时代价值。 | |
| 510 | 1 | @aInherent logic relationship between civil society and law@estudy on Marx's idea and it's current meaning@zeng |
| 517 | 1 | @a马克思的思想及其时代意义@9ma ke si de si xiang ji qi shi dai yi yi |
| 606 | 0 | @a马克思著作研究@x法律 |
| 606 | 0 | @a马克思著作研究 |
| 606 | 0 | @a马克思著作研究@x市民@x城市社会学 |
| 606 | 0 | @a城市社会学 |
| 606 | 0 | @a法律 |
| 606 | 0 | @a市民 |
| 690 | @aA811.64@v4 | |
| 701 | 0 | @a秦国荣@9qin guo rong@4著 |
| 801 | 0 | @aCN@bRENTIAN@c20061119 |
| 905 | @a10447@dA811.64@e207 | |
| 市民社会与法的内在逻辑:马克思的思想及其时代意义/秦国荣著.-北京:社会科学文献出版社,2006 |
| 515页;21cm |
| 江苏省哲学社会科学重点学术著作 |
| ISBN 7-80190-974-7:CNY39.00 |
| 本书根据马克思市民社会与法律发展的相关理论,研究分析了政治国家与市民社会的二元分离所具有的宪政意义与法治价值,并着重探讨了马克思市民社会与法律发展理论对于中国现代民主政治、市场经济所具有的时代价值。 |
| ● |
| 相关链接 |
|
|
|
|
正题名:市民社会与法的内在逻辑
索取号:A811.64/207
 
预约/预借
| 序号 | 登录号 | 条形码 | 馆藏地/架位号 | 状态 | 备注 |
| 1 | 0393544 | 203935448 | 第一样本阅览室/ [索取号:A811.64/207] | 在馆 | |
| 2 | 0393545 | 203935457 | 第一借阅区/ [索取号:A811.64/207] | 在馆 | |
| 3 | 0393546 | 203935466 | 第一借阅区/ [索取号:A811.64/207] | 在馆 | |
| 4 | 0393547 | 203935475 | 第一借阅区/ [索取号:A811.64/207] | 在馆 | |
| 5 | 0393548 | 203935484 | 第一借阅区/ [索取号:A811.64/207] | 在馆 |